| 000 | 00447nam a22001217a 4500 | ||
|---|---|---|---|
| 082 |
_a297.1229 _bNAD _cM |
||
| 100 |
_aNadvi, Mulana Saeed Ansari _951078 |
||
| 245 |
_aسیرالصحابیات رضی اللہ عنہا مع اسو ہ صحا بیا ت رضی اللہ عنہا _bمسلمان عورتوں کی بہادری |
||
| 260 |
_aLahore, _bAlmizan, _c2000. |
||
| 300 | _a271p. | ||
| 526 |
_a0 _b0 _c0 _d297_122900000000000_NAD |
||
| 942 |
_2ddc _cBK |
||
| 999 |
_c553825 _d553825 |
||